Test de Rapidité - "WZY" - Statistiques

Statistiques générales
  • Ce quiz a été pris 378 fois
  • Le résultat moyen est 59 sur 300
Statistiques - réponses
WZY % Correct
WZY
100%
WZY
96%
WZY
95%
WZY
94%
WZY
92%
WZY
90%
WZY
89%
WZY
89%
WZY
89%
WZY
89%
WZY
87%
WZY
87%
WZY
86%
WZY
85%
WZY
85%
WZY
85%
WZY
85%
WZY
85%
WZY
85%
WZY
85%
WZY
84%
WZY
83%
WZY
83%
WZY
82%
WZY
81%
WZY
79%
WZY
79%
WZY
78%
WZY
76%
WZY
74%
WZY
72%
WZY
71%
WZY
70%
WZY
68%
WZY
66%
WZY
65%
WZY
64%
WZY
61%
WZY
60%
WZY
59%
WZY
57%
WZY
52%
WZY
52%
WZY
50%
WZY
49%
WZY
47%
WZY
46%
WZY
45%
WZY
43%
WZY
42%
WZY
39%
WZY
38%
WZY
36%
WZY
35%
WZY
35%
WZY
34%
WZY
32%
WZY
30%
WZY
29%
WZY
28%
WZY
25%
WZY
23%
WZY
23%
WZY
21%
WZY
20%
WZY
20%
WZY
19%
WZY
19%
WZY
19%
WZY
19%
WZY
19%
WZY
18%
WZY
17%
WZY
16%
WZY
15%
WZY
15%
WZY
15%
WZY
14%
WZY
14%
WZY
14%
WZY
13%
WZY
12%
WZY
12%
WZY
12%
WZY
11%
WZY
11%
WZY
11%
WZY
11%
WZY
11%
WZY
11%
WZY
11%
WZY
11%
WZY
10%
WZY
10%
WZY
10%
WZY
10%
WZY
10%
WZY
10%
WZY
9%
WZY
8%
WZY
8%
WZY
8%
WZY
8%
WZY
8%
WZY
8%
WZY
8%
WZY
8%
WZY
7%
WZY
7%
WZY
7%
WZY
7%
WZY
7%
WZY
7%
WZY
7%
WZY
7%
WZY
7%
WZY
7%
WZY
7%
WZY
7%
WZY
7%
WZY
7%
WZY
7%
WZY
7%
WZY
7%
WZY
7%
WZY
7%
WZY
6%
WZY
6%
WZY
6%
WZY
6%
WZY
6%
WZY
6%
WZY
6%
WZY
6%
WZY
6%
WZY
6%
WZY
6%
WZY
6%
WZY
6%
WZY
6%
WZY
6%
WZY
6%
WZY
6%
WZY
6%
WZY
6%
WZY
6%
WZY
6%
WZY
6%
WZY
6%
WZY
6%
WZY
6%
WZY
6%
WZY
6%
WZY
6%
WZY
6%
WZY
6%
WZY
6%
WZY
6%
WZY
6%
WZY
6%
WZY
6%
WZY
6%
WZY
6%
WZY
6%
WZY
6%
WZY
6%
WZY
6%
WZY
6%
WZY
6%
WZY
6%
WZY
6%
WZY
6%
WZY
6%
WZY
6%
WZY
6%
WZY
6%
WZY
6%
WZY
6%
WZY
6%
WZY
6%
WZY
6%
WZY
6%
WZY
6%
WZY
6%
WZY
6%
WZY
6%
WZY
6%
WZY
6%
WZY
6%
WZY
6%
WZY
6%
WZY
6%
WZY
6%
WZY
6%
WZY
6%
WZY
6%
WZY
6%
WZY
6%
WZY
6%
WZY
6%
WZY
6%
WZY
6%
WZY
6%
WZY
6%
WZY
6%
WZY
6%
WZY
6%
WZY
6%
WZY
6%
WZY
6%
WZY
6%
WZY
6%
WZY
6%
WZY
6%
WZY
6%
WZY
6%
WZY
6%
WZY
6%
WZY
6%
WZY
6%
WZY
6%
WZY
6%
WZY
6%
WZY
6%
WZY
6%
WZY
6%
WZY
6%
WZY
6%
WZY
6%
WZY
6%
WZY
6%
WZY
6%
WZY
6%
WZY
6%
WZY
6%
WZY
6%
WZY
6%
WZY
6%
WZY
6%
WZY
6%
WZY
6%
WZY
6%
WZY
6%
WZY
6%
WZY
6%
WZY
6%
WZY
6%
WZY
6%
WZY
6%
WZY
6%
WZY
6%
WZY
6%
WZY
6%
WZY
6%
WZY
6%
WZY
6%
WZY
6%
WZY
6%
WZY
6%
WZY
6%
WZY
6%
WZY
6%
WZY
6%
WZY
6%
WZY
6%
WZY
6%
WZY
6%
WZY
6%
WZY
6%
WZY
6%
WZY
6%
WZY
6%
WZY
6%
WZY
6%
WZY
6%
WZY
6%
WZY
6%
WZY
6%
WZY
6%
WZY
6%
WZY
6%
WZY
6%
WZY
6%
WZY
6%
WZY
6%
WZY
6%
WZY
6%
WZY
6%
WZY
6%
WZY
6%
WZY
6%
WZY
6%
WZY
6%
WZY
6%
WZY
6%
WZY
6%
WZY
6%
WZY
6%
WZY
6%
WZY
6%
Aucun quiz correspondant
Distribution des résultats
% des personnes avec chaque résultat
Percentile par nombre de réponses
Votre historique - résultats
Vous n’avez pas pris ce quiz